Telephony

Detalles Bibliográficos
Nuevo Título:Connected planet (Online)
Título anterior:Telephone magazine
American telephone journal
Formato: Electrónico Revista
Lenguaje:inglés
Publicado: New York, N.Y. : Penton Media
Chicago, U.S.A. : Chambers-McMeal Co.
Materias:
Acceso en línea:Full text available from Research Library: 11/30/1987 to 01/12/2010

MARC

LEADER 00000nas a22000007a 4500
001 ssj0012185
003 WaSeSS
005 20200512172242.0
006 m d
007 cr n
008 050614d19932009nyuwn p s 0 a0eng
010 |a  2011200686 
022 |a 2161-8690  |y 0040-2656 
030 |a TLPNAS 
035 |a (WaSeSS)ssj0012185 
037 |b Penton Media, 249 W. 17th Street, New York, N.Y. 10011 
040 |a OCLCS  |b eng  |c OCLCS  |d OCLCQ  |d TXU  |d CUD  |d TXJ  |d CO3  |d OCLCE  |d AUD  |d OCLCQ  |d DLC  |d OCL  |d OCLCQ  |d COO  |d OCLCO  |d OCLCF  |d OCLCO  |d OCLCQ  |d WaSeSS 
042 |a msc  |a nsdp 
050 4 |a TK1  |b .T36 
082 1 0 |a 621  |2 14 
130 0 |a Telephony (Online) 
222 0 |a Telephony  |b (Online) 
245 1 0 |a Telephony  |h [electronic resource]. 
246 3 0 |a Global telephony 
260 3 |a New York, N.Y. :  |b Penton Media 
260 |a Chicago, U.S.A. :  |b Chambers-McMeal Co. 
310 |a Weekly, except semiweekly the first week in July,  |b <1989-> 
321 |a Frequency varies,  |b 1901-<Jan. 1983> 
362 1 |a Began with: Vol. 225, issue 1 (July 5, 1993). 
362 1 |a Ceased with: vol. 250, issue 7 (July/Aug. 2009). 
500 |a Beginning in 1990 one issue per month called: Global telephony. 
500 |a Imprint varies. 
506 |a License restrictions may limit access. 
515 |a Volume numbering irregular: v. 20-58 omitted in numbering. 
588 |a Description based on: Vol. 225, issue 1 (July 5, 1993); title from caption (EBSCO website, viewed June 14, 2011). 
588 |a Latest issue consulted: Vol. 250, issue 7 (July/Aug. 2009). 
650 0 |a Telephone  |v Periodicals. 
650 7 |a Telephone.  |2 fast  |0 (OCoLC)fst01146231 
650 1 7 |a Telefonie.  |2 gtt 
655 0 |a Electronic journals. 
770 0 |t Telephony's ... buyers guide  |g 1988/89-1990/91 
770 0 |t Telephony's buyers information  |g 1991 
770 0 |t Telephony's public network technology source  |g 1992- 
776 0 8 |i Print version:  |t Telephony  |x 0040-2656  |w (DLC) 12020223  |w (OCoLC)1639138 
780 0 5 |t Telephone magazine  |g Sept. 1905 
780 0 5 |t American telephone journal  |g Sept. 1908 
785 0 0 |t Connected planet (Online)  |x 2150-5284  |w (DLC) 2009203592  |w (OCoLC)429902278 
856 4 0 |z Full text available from Research Library: 11/30/1987 to 01/12/2010  |u https://search.proquest.com/publication/42191